000 00624nam a22001937a 4500
005 20251108165256.0
008 250721s1990 xx 000 0 ara d
082 1 4 _a956.441/تيس
100 1 _aمسودي، تيسير
245 1 0 _aقرية بني نعيم :
_bدراسة ميدانيه /
264 1 _aالخليل :
_bرابطة الجامعيين - مركز الأبحاث،
_c1990.
300 _a251ص
490 0 _aدراسات القرى ؛1
650 1 7 _aتاريخ فلسطين
650 1 7 _aبني نعيم ( قريه )
700 1 _aالمناصره، سليمان
942 _2ddc
_cBK
999 _c23889
_d23889